Sports Quiz

Random Sports or Auto Racing Quiz

2017 F1 Drivers: Alphabetically Quiz Stats

 Plays Quiz not verified by Sporcle

Also try: Sports by Lego
Challenge
Share
Tweet
Embed
Score 0/25 Timer 03:00
0 Plays Today
Driver % Correct
???
100%
???
92.6%
???
76.5%
???
71.8%
???
66.4%
???
60.4%
???
59.1%
???
57.7%
???
57%
???
50.3%
???
46.3%
???
40.9%
???
38.9%
Driver % Correct
???
37.6%
???
34.9%
???
34.2%
???
31.5%
???
26.8%
???
24.8%
???
24.8%
???
22.8%
???
20.8%
???
18.1%
???
18.1%
???
18.1%

You're not logged in!

Compare scores with friends on all Sporcle quizzes.
Join for Free
OR
Log In

You Might Also Like...

Show Comments

Extras

Top Quizzes Today


Score Distribution

Your Account Isn't Verified!

In order to create a playlist on Sporcle, you need to verify the email address you used during registration. Go to your Sporcle Settings to finish the process.

Report this User

Report this user for behavior that violates our Community Guidelines.

Details: